Diccionario Austral de la Lengua Española / [por] Austral Editorial

Guardado en:
Detalles Bibliográficos
Formato: Libro
Colección:Austral
Temas:
Etiquetas: Agrega una etiqueta
Sin etiquetas, Sé el primero en etiquetar este registro!

MARC

LEADER 00000nam^a2200000^u^4500
001 000535550
005 20250521000000.0
008 060220s1000^^^^^^^^^^^^r^^^^^000^0^spa^d
009 20260310131019.379
035 |a FMI 000001080 
037 |a Acervo Xavier Clavigero 
096 |a 0.0/18/B 
245 0 0 |a Diccionario Austral de la Lengua Española / [por] Austral Editorial 
264 |a Madrid : Espasa-Calpe, 1989 
300 |a 501 p. 
336 |a texto  |b txt  |2 rdacontenido 
337 |a sin mediación  |b n  |2 rdamedio 
338 |a volumen  |b nc  |2 rdasoporte 
440 0 |a Austral 
649 |a XX 
650 |a OBRAS GENERALES 
910 |a Fondo Francisco Migoya Covarrubias S.J. 
920 |a Impresos - Libros 
930 |a Fondos Especiales 
905 |a 134 
901 |a SBC11152  |b IT2  |c ESP  |u 20250521 
902 |a https://opac.biblio.iteso.mx/vufind/Record/000535550